Dalkavuklar gecesi : (Record no. 200436554)

MARC details
000 -LEADER
fixed length control field 01065cam a2200337 i 4500
001 - CONTROL NUMBER
control field 200436554
003 - CONTROL NUMBER IDENTIFIER
control field TR-AnTOB
005 - DATE AND TIME OF LATEST TRANSACTION
control field 20240925073656.0
007 - PHYSICAL DESCRIPTION FIXED FIELD--GENERAL INFORMATION
fixed length control field ta
008 - FIXED-LENGTH DATA ELEMENTS--GENERAL INFORMATION
fixed length control field 170907m20171941tu 00001 tur
020 ## - INTERNATIONAL STANDARD BOOK NUMBER
International Standard Book Number 9789754379044
040 ## - CATALOGING SOURCE
Original cataloging agency B9K
Language of cataloging eng
Description conventions rda
Transcribing agency B9K
Modifying agency TR-AnTOB
041 0# - LANGUAGE CODE
Language code of text/sound track or separate title Türkçe
050 00 - LIBRARY OF CONGRESS CALL NUMBER
Classification number PL248.A899
090 ## - LOCALLY ASSIGNED LC-TYPE CALL NUMBER (OCLC); LOCAL CALL NUMBER (RLIN)
Classification number (OCLC) (R) ; Classification number, CALL (RLIN) (NR) PL248.A899
Local cutter number (OCLC) ; Book number/undivided call number, CALL (RLIN) D35 2017
100 1# - MAIN ENTRY--PERSONAL NAME
Personal name Atsız, Hüseyin Nihal
Dates associated with a name 1905-1975
Relator term author
9 (RLIN) 25284
245 10 - TITLE STATEMENT
Title Dalkavuklar gecesi :
Remainder of title Z vitamini /
Statement of responsibility, etc. Hüseyin Nihâl Atsız.
246 31 - VARYING FORM OF TITLE
Title proper/short title Z vitamini
250 ## - EDITION STATEMENT
Edition statement 14. basım
264 #1 - PRODUCTION, PUBLICATION, DISTRIBUTION, MANUFACTURE, AND COPYRIGHT NOTICE
Place of production, publication, distribution, manufacture İstanbul :
Name of producer, publisher, distributor, manufacturer Ötüken Neşriyat,
Date of production, publication, distribution, manufacture, or copyright notice 2017.
300 ## - PHYSICAL DESCRIPTION
Extent 136 pages ;
Dimensions 20 cm
336 ## - CONTENT TYPE
Content type term text
Source rdacontent
Content type code txt
337 ## - MEDIA TYPE
Media type term unmediated
Source rdamedia
Media type code n
338 ## - CARRIER TYPE
Carrier type term volume
Source rdacarrier
Carrier type code nc
490 0# - SERIES STATEMENT
Series statement Ötüken Yayın ;
Volume/sequential designation 839
Series statement Edebi eserler ;
Volume/sequential designation 359
500 ## - GENERAL NOTE
General note Two works bound together ; the 2nd work has title: Z vitamini.
590 ## - LOCAL NOTE (RLIN)
Local note Donated by Semagül Işıklı.
650 #7 - SUBJECT ADDED ENTRY--TOPICAL TERM
Topical term or geographic name entry element Türk romanı
Source of heading or term etuturkob
9 (RLIN) 9421
942 ## - ADDED ENTRY ELEMENTS (KOHA)
Source of classification or shelving scheme Library of Congress Classification
Koha item type Book
Holdings
Withdrawn status Lost status Source of classification or shelving scheme Damaged status Not for loan Collection code Home library Current library Shelving location Date acquired Source of acquisition Inventory number Total Checkouts Full call number Barcode Date last seen Date shelved Koha item type Public note
    Library of Congress Classification Yeni / New Ödünç Verilebilir / Available Genel Koleksiyon Merkez Kütüphane Merkez Kütüphane Genel Koleksiyon / Main Collection 16/10/2019 Bağış / Donation TDE   PL248.A899 D35 2017 0060546 21/10/2019 05/11/2019 Book Donated by Semagül Işıklı.
Devinim Yazılım Eğitim Danışmanlık tarafından Koha'nın orjinal sürümü uyarlanarak geliştirilip kurulmuştur.